The traumaxilla (Record no. 172069)

MARC details
000 -LEADER
fixed length control field 00344nam a22001337a 4500
005 - DATE AND TIME OF LATEST TRANSACTION
control field 20200127124602.0
008 - FIXED-LENGTH DATA ELEMENTS--GENERAL INFORMATION
fixed length control field 200127b ||||| |||| 00| 0 eng d
022 ## - INTERNATIONAL STANDARD SERIAL NUMBER
International Standard Serial Number 2632-3273
245 ## - TITLE STATEMENT
Title The traumaxilla
260 ## - PUBLICATION, DISTRIBUTION, ETC. (IMPRINT)
Place of publication, distribution, etc New Delhi
Name of publisher, distributor, etc SAGE Publications India
Date of publication, distribution, etc 2019-
300 ## - PHYSICAL DESCRIPTION
Extent v.
Dimensions 29 cm.
310 ## - CURRENT PUBLICATION FREQUENCY
Current publication frequency Three times a year
942 ## - ADDED ENTRY ELEMENTS (KOHA)
Source of classification or shelving scheme Dewey Decimal Classification
Item type Periodicals
Serial record 1

No items available.


© Delhi Public Library
Hit Counter
free hit counter